Statistics for NBA 2K Youtubers Quiz

Click here to take the quiz!

General Stats

  • This quiz has been taken 3,501 times
  • The average score is 4 of 11

Answer Stats

Hint Answer % Correct
Says the word "Splash" when making a 3Chris Smoove
71%
Is a Kobe Bryant fan from CanadaTroydan
65%
Seen on ESPN, and raging over Kevin DurantLNU
65%
Wears a White Sox hat, calls himself King of QuizzesKOT4Q
50%
Does collabs with LNU, has a country in nameJayCanada
47%
Has a roomate that films videosTDPresents
20%
In a marching bandCSB
18%
Names his MyCareer player, Vince Carter JrNykeFaller
16%
Has a lot of expensive shoesPrettyBoyFredo
13%
Does a lot of rebuildsSixRings
13%
Narrates some of LNU videosAaerios
2%

Score Distribution

Percentile by Number Answered

Percent of People with Each Score

Your Score History

You have not taken this quiz